<?xml version="1.0" encoding="UTF-8"?>
<record
    xmlns:xsi="http://www.w3.org/2001/XMLSchema-instance"
    xsi:schemaLocation="http://www.loc.gov/MARC21/slim http://www.loc.gov/standards/marcxml/schema/MARC21slim.xsd"
    xmlns="http://www.loc.gov/MARC21/slim">

  <leader>01376cam a22003254a 4500</leader>
  <controlfield tag="001">12010636</controlfield>
  <controlfield tag="003">ASKDFJRT</controlfield>
  <controlfield tag="005">20220326193251.0</controlfield>
  <controlfield tag="008">990802s1998    sp       b   s100 0 spa  </controlfield>
  <datafield tag="010" ind1=" " ind2=" ">
    <subfield code="a">   00316699 </subfield>
  </datafield>
  <datafield tag="020" ind1=" " ind2=" ">
    <subfield code="a">844821854X</subfield>
  </datafield>
  <datafield tag="035" ind1=" " ind2=" ">
    <subfield code="a">(OCoLC)ocm42028332</subfield>
  </datafield>
  <datafield tag="040" ind1=" " ind2=" ">
    <subfield code="a">DLC</subfield>
    <subfield code="c">DLC</subfield>
  </datafield>
  <datafield tag="042" ind1=" " ind2=" ">
    <subfield code="a">pcc</subfield>
  </datafield>
  <datafield tag="050" ind1="0" ind2="0">
    <subfield code="a">NX456</subfield>
    <subfield code="b">.C698 1998</subfield>
  </datafield>
  <datafield tag="082" ind1=" " ind2=" ">
    <subfield code="a">707</subfield>
    <subfield code="b">C828c</subfield>
  </datafield>
  <datafield tag="100" ind1=" " ind2=" ">
    <subfield code="a">G. Cortes, Jose Miguel</subfield>
    <subfield code="9">601</subfield>
  </datafield>
  <datafield tag="245" ind1="0" ind2="0">
    <subfield code="a">Cr&#xED;tica cultural y creaci&#xF3;n art&#xED;stica :</subfield>
    <subfield code="b">coloquios contempor&#xE1;neos /</subfield>
    <subfield code="c">Jos&#xE9; Miguel G. Cort&#xE9;s, coordinador.</subfield>
  </datafield>
  <datafield tag="260" ind1=" " ind2=" ">
    <subfield code="a">[Valencia :</subfield>
    <subfield code="b">Generalitat Valenciana, Direcci&#xF3; General de Promoci&#xF3; Cultural, Museus i Belles Arts,</subfield>
    <subfield code="c">1998]</subfield>
  </datafield>
  <datafield tag="300" ind1=" " ind2=" ">
    <subfield code="a">251 p. ;</subfield>
    <subfield code="c">21 cm.</subfield>
  </datafield>
  <datafield tag="440" ind1=" " ind2="0">
    <subfield code="a">Signo abierto</subfield>
    <subfield code="9">602</subfield>
  </datafield>
  <datafield tag="504" ind1=" " ind2=" ">
    <subfield code="a">Includes bibliographical references.</subfield>
  </datafield>
  <datafield tag="650" ind1=" " ind2="0">
    <subfield code="a">Arts, Modern</subfield>
    <subfield code="y">20th century</subfield>
    <subfield code="v">Congresses.</subfield>
    <subfield code="9">603</subfield>
  </datafield>
  <datafield tag="650" ind1=" " ind2="0">
    <subfield code="a">Arte Moderno</subfield>
    <subfield code="x">critica de arte</subfield>
    <subfield code="x">creacion artistica</subfield>
    <subfield code="x">conferencias</subfield>
    <subfield code="x">arte y sociedad</subfield>
    <subfield code="x">s.XX</subfield>
    <subfield code="9">604</subfield>
  </datafield>
  <datafield tag="650" ind1=" " ind2="0">
    <subfield code="a">Arts and society</subfield>
    <subfield code="v">Congresses.</subfield>
    <subfield code="9">605</subfield>
  </datafield>
  <datafield tag="700" ind1="1" ind2=" ">
    <subfield code="a">Cort&#xE9;s, Jos&#xE9; Miguel G.</subfield>
    <subfield code="9">606</subfield>
  </datafield>
  <datafield tag="710" ind1="2" ind2=" ">
    <subfield code="a">Conseller&#xED;a de Cultura, Educaci&#xF3;n y Ciencia de la Generalidad Valenciana.</subfield>
    <subfield code="b">Direcci&#xF3; General de Promoci&#xF3; Cultural, Museus i Belles Arts.</subfield>
    <subfield code="9">607</subfield>
  </datafield>
  <datafield tag="906" ind1=" " ind2=" ">
    <subfield code="a">7</subfield>
    <subfield code="b">cbc</subfield>
    <subfield code="c">origres</subfield>
    <subfield code="d">3</subfield>
    <subfield code="e">ncip</subfield>
    <subfield code="f">20</subfield>
    <subfield code="g">y-gencatlg</subfield>
  </datafield>
  <datafield tag="999" ind1=" " ind2=" ">
    <subfield code="c">121</subfield>
    <subfield code="d">121</subfield>
  </datafield>
  <datafield tag="952" ind1=" " ind2=" ">
    <subfield code="0">0</subfield>
    <subfield code="1">0</subfield>
    <subfield code="2">ddc</subfield>
    <subfield code="4">0</subfield>
    <subfield code="7">0</subfield>
    <subfield code="a">LV</subfield>
    <subfield code="b">LV</subfield>
    <subfield code="c">Pensamiento</subfield>
    <subfield code="d">2014-05-12</subfield>
    <subfield code="l">0</subfield>
    <subfield code="o">707 C828c</subfield>
    <subfield code="p">000112</subfield>
    <subfield code="r">2014-05-12 00:00:00</subfield>
    <subfield code="w">2014-05-12</subfield>
    <subfield code="y">01</subfield>
  </datafield>
</record>
